Statistics for Countries Hit By Islamic Terrorist Attacks

Click here to take the quiz!

General Stats

  • This quiz has been taken 1,383 times
    (875 since last reset)
  • The average score is 41 of 71

Answer Stats

Answer% Correct
United States
98%
United Kingdom
93%
France
92%
Russia
87%
Iraq
85%
Canada
84%
China
84%
India
84%
Germany
83%
Pakistan
82%
Spain
82%
Syria
79%
Turkey
79%
Egypt
78%
Saudi Arabia
78%
Israel
77%
Afghanistan
74%
Italy
73%
Yemen
72%
Algeria
70%
Sweden
70%
Libya
69%
Portugal
69%
Australia
67%
Lebanon
67%
Norway
67%
United Arab Emirates
67%
Morocco
65%
Niger
65%
Tunisia
64%
Belgium
63%
Finland
63%
Indonesia
63%
Greece
62%
Nigeria
62%
Sudan
61%
Somalia
60%
Jordan
59%
Netherlands
58%
Kuwait
57%
Austria
55%
Denmark
55%
Bangladesh
53%
Chad
52%
Malaysia
51%
Switzerland
50%
Mali
48%
Thailand
46%
Tajikistan
42%
Azerbaijan
41%
Kazakhstan
41%
Kenya
41%
Romania
41%
Uzbekistan
41%
Philippines
39%
Bosnia and Herzegovina
38%
Bulgaria
38%
Sri Lanka
38%
Croatia
36%
Argentina
33%
Tanzania
33%
Central African Republic
30%
Kyrgyzstan
30%
Luxembourg
29%
Uganda
27%
Cameroon
25%
Mozambique
24%
Burkina Faso
22%
Democratic Republic of Congo
21%
Burma
17%
Ivory Coast
14%

Score Distribution

Percentile by Number Answered

Percent of People with Each Score

Your Score History

You have not taken this quiz since the last reset